[Event "55th Rubinstein Memorial-A 2019"]
[Site "Polanica-Zdroj"]
[Date "2019.08.17"]
[Round "1.1"]
[White "Warakomski, Tomasz"]
[Black "Vanduyfhuys, Igor"]
[Result "1-0"]
[WhiteElo "2497"]
[BlackElo "1907"]
[Annotator "TA"]
[PlyCount "83"]
[EventDate "2019.08.17"]
[EventType "swiss"]
[EventCountry "POL"]
[SourceTitle "playchess.com"]
[Source "ChessBase"]
[SourceQuality "1"]

{[%evp 9,96,-12,-8,-29,-18,-22,-21,-23,-30,-30,-7,-13,-22,-32,0,6,-1,-19,-23,-20,-13,-13,-21,-26,-30,-40,-22,-27,59,17,13,-11,-19,0,10,-17,-28,-76,-43,-50,-34,-27,-42,-76,-74,-89,-58,-54,-44,-66,-28,-72,-63,-81,-76,-125,-106,-108,-27,-100,-77,-103,-4,-4,-4,-4,2103,1821,1103,114,206,206,206,206,206,201,221,201,499,379,29991,29992,29992,29993,29997,29998,29998,29999,29999]} 1. e4 c5 2. Nf3 g6 3. h4 h5 (3... h6 4. Bc4 Nc6 5. d3 Bg7 6. Nc3 a6 7. a3 e6 8. Ba2 Nge7 9. Bf4 d6 10. Qd2 b5 11. Nd1 {0-1 (57) Moussard,J (2605)-Lagarde,M (2604) chess.com INT 2019}) 4. Nc3 Bg7 5. Bc4 Nc6 6. a3 {B27: Sicilian: 2 Nf3, unusual Black 2nd moves} Nf6 7. d3 d6 8. Ng5 {The position is equal.} O-O 9. Ba2 $146 ({Predecessor:} 9. Bf4 a6 10. a4 b6 {0-1 (43) Halvarsson,P (1935)-Ostergaard,J (2232) Vaxjo 2017}) 9... Rb8 10. Ne2 b5 11. f3 b4 12. axb4 Nxb4 13. Bb1 Nc6 14. c3 d5 15. O-O Qb6 16. Kh1 dxe4 17. dxe4 Rd8 18. Qa4 Ne8 ({Black should play} 18... e6 $11) 19. Nf4 Nc7 20. Bd3 a5 21. Be3 Ba6 22. Bxa6 Qxa6 23. Qa3 e5 24. Nd5 Nxd5 25. exd5 Rxd5 26. Bxc5 Qc4 $1 $36 {[%csl LRc5,LRh4][%mdl 2112] Double Attack. Black is really pushing.} 27. Bf2 Rd2 28. b4 axb4 29. cxb4 Nxb4 (29... Rxf2 $5 30. Rxf2 Qxh4+ {[%mdl 64] Double Attack} 31. Nh3 Nd4 $15) 30. Rac1 Rc2 31. Rb1 Bf8 {White must now prevent ...Nc6.} 32. Qa1 Re8 33. Ne4 {And now Nf6+ would win.} Nd5 (33... Ra2 $17 34. Nf6+ Kh8 35. Qxa2 Nxa2 36. Nxe8 Nc3) 34. Qa7 (34. Rfc1 $11 {remains equal.}) 34... Be7 35. Rfe1 Nc3 (35... Nb4 $17 {Strongly threatening ...Nd3.} 36. Qd7 Qc6) 36. Rb8 $11 Rxb8 $1 37. Qxb8+ Bf8 $2 {[%mdl 8192]} (37... Kh7 $11 38. Qxe5 Nxe4 39. Qxe4 Qxe4 40. Rxe4 Bd6) 38. Nf6+ $18 Kg7 {[#]} 39. Qxe5 $2 (39. Nd7 $1 $18 {[%mdl 512] is the precise move to win.} Be7 40. Qxe5+ {[%mdl 64] Double Attack} f6 41. Qxe7+ Qf7 42. Bd4 $1 {[%mdl 512]}) 39... Rxf2 {[#]} (39... Qe6 $16 40. Nxh5+ {[%mdl 64] Discovered Attack (Double check)} (40. Qxe6 fxe6 41. Bd4 Ne2 $11) 40... Kh7) 40. Nxh5+ $1 {[%mdl 64] Discovered Attack (Double check)} Kg8 41. Nf6+ Kg7 42. Ng4+ {Played: Nf6-e4} 1-0

[Event "55th Rubinstein Memorial-A 2019"]
[Site "Polanica-Zdroj"]
[Date "2019.08.17"]
[Round "1.2"]
[White "Majocha, Piotr"]
[Black "Shishkin, Vadim"]
[Result "0-1"]
[WhiteElo "1895"]
[BlackElo "2445"]
[Annotator "TA"]
[PlyCount "128"]
[EventDate "2019.08.17"]
[EventType "swiss"]
[EventCountry "POL"]
[SourceTitle "playchess.com"]
[Source "ChessBase"]
[SourceQuality "1"]

{[%evp 20,128,34,0,0,0,0,0,0,0,0,-23,-23,-23,-16,-37,0,-29,-25,-73,-81,-187,-180,-208,-133,-126,-134,-117,-79,-55,224,-83,-96,-91,-92,-78,-27,-11,-2,-7,0,0,0,-21,-14,-10,-6,-16,0,-101,-97,-85,-37,-31,-30,-30,-29,-78,-74,-134,-136,-265,-223,-251,-270,-572,-344,-610,-609,-601,-301,-332,-297,-315,-312,-302,-287,-247,-197,-208,-207,-358,-363,-366,-364,-315,-325,-455,-446,-418,-411,-512,-512,-512,-486,-486,-467,-940,-940,-940,-893,-879,-871,-846,-766,-5057,-5057,-4802,-4627,-4133,-1022]} 1. c4 e5 2. Nc3 Nc6 3. Nf3 Nf6 4. g3 d5 5. cxd5 Nxd5 6. d3 Nb6 7. Bg2 Be7 8. O-O O-O 9. a3 Be6 10. b4 f6 11. Be3 a5 {A29: English Opening: Four Knights Variation with 4 g3} 12. b5 Nd4 13. Bxd4 exd4 {The position is equal.} 14. Na4 Qd7 15. Nxb6 (15. Qc2 Rad8 16. Rfb1 Nxa4 17. Qxa4 b6 18. Rc1 Bc5 19. Nd2 {0-1 (54) Minasian,A (2574)-Bojkov,D (2492) Plovdiv 2008}) 15... cxb6 16. a4 Rac8 $146 {[%cal Ba8c8,Bc8c3,Bc3c2][%mdl 32]} ({Predecessor:} 16... Bc5 17. Qd2 Bb4 18. Qf4 Bc3 19. Rac1 {0-1 (28) Butterworth,J-Koloskov,A IECG email 2001}) 17. Rc1 Rc3 18. Nd2 Ba3 19. Rb1 Rfc8 20. Ne4 (20. Nc4 $17 Bxc4 21. dxc4) 20... Rc2 $1 $19 21. e3 Bg4 22. Bf3 Bh3 23. Re1 h6 24. exd4 f5 $2 {[%mdl 8192] [#]} (24... Qxd4 $15 {stays ahead.} 25. Bg4 Bxg4 26. Qxg4 Kh8) 25. Nd2 $2 (25. Nc5 $1 $18 {[%cal Rc5d7][%mdl 512]} Bxc5 26. Qxc2 Bxd4 27. Qe2) 25... Qxd4 $17 {[#]} 26. Re8+ $1 {[%mdl 512]} Rxe8 27. Qxc2 {And now Qb3+ would win.} Bc5 (27... Kh7 $17) 28. Qc4+ $11 Qxc4 29. dxc4 Re7 30. Nb3 Bb4 31. Rd1 Kh7 32. Nd4 g5 33. Nc2 Bc5 34. Rd2 (34. Ne3 $11 {keeps the balance.}) 34... f4 35. Re2 Rd7 36. Bd5 Bg4 37. Rd2 $1 Kg7 38. Kf1 Kf6 $36 {[%mdl 2048] Black has strong initiative.} 39. Rd3 ({Better is} 39. gxf4 gxf4 40. Rd3) 39... Bf5 $17 40. Rc3 (40. Rd2 $17 {only move.}) 40... Re7 $1 $19 41. gxf4 gxf4 42. Bg2 $2 (42. h3) 42... Bg4 {...Re2 is the strong threat.} 43. Ne1 $2 (43. Bf3 Bh3+ 44. Bg2 Bxg2+ 45. Kxg2) 43... Bb4 44. Rc1 Be2+ 45. Kg1 Bxe1 46. Rxe1 {[%mdl 4096] Endgame KRB-KRB} f3 ({Resist} 46... Bxc4 47. Ra1 $19) 47. Bf1 Rg7+ 48. Kh1 Bxf1 49. Rxf1 {KR-KR} Rg2 50. Rd1 $2 (50. h4) 50... Rxf2 51. Kg1 Rg2+ 52. Kf1 {[#]} Ke7 $1 ({Weaker is} 52... Rxh2 53. Rd7 $15) 53. Rd3 Rxh2 54. Rxf3 Rh4 55. Ke2 Rxc4 {Black is clearly winning.} 56. Rh3 Rxa4 57. Rxh6 Kd7 58. Rxb6 {[#]} (58. Kd3 $142 Rf4 59. Rh5) 58... Kc7 $1 {[%cal Rc7b6]} 59. Rh6 Rb4 60. Kd3 Rxb5 61. Kc4 Rb4+ 62. Kc5 b6+ 63. Kd5 Kb7 64. Rh8 Ka6 {Accuracy: White = 35%, Black = 70%.} (64... a4 $142 65. Rh3 Ka6) 0-1

[Event "55th Rubinstein Memorial-A 2019"]
[Site "Polanica-Zdroj"]
[Date "2019.08.17"]
[Round "1.3"]
[White "Cukrowski, Filip"]
[Black "Wojcik, Wieslaw"]
[Result "1-0"]
[WhiteElo "2424"]
[BlackElo "1882"]
[Annotator "TA"]
[PlyCount "67"]
[EventDate "2019.08.17"]
[EventType "swiss"]
[EventCountry "POL"]
[SourceTitle "playchess.com"]
[Source "ChessBase"]
[SourceQuality "1"]

{[%evp 13,67,21,21,21,39,38,50,31,46,56,68,74,125,129,125,130,154,148,206,200,388,406,400,382,450,456,497,485,636,488,487,437,694,689,690,677,777,724,983,977,1186,1161,1502,1501,1414,1417,29992,29988,29988,29988,29987,29988,29982,29971,5701,2106]} 1. e4 c5 2. Nf3 Nc6 3. d4 cxd4 4. Nxd4 e5 5. Nb5 d6 6. c4 a6 7. N5c3 Nf6 8. Be2 {B32: Sicilian: Löwenthal and Kalashnikov Variations} (8. Na3 Be7 9. Nc2 O-O 10. Be2 Be6 11. O-O Rc8 12. Be3 Nb8 13. Na3 Nbd7 14. Rc1 Ne8 15. Qd2 h6 16. g3 Nef6 17. f3 Re8 {½-½ (68) Olszewski,M (2516)-Kalinitschew,S (2440) Germany 2019}) 8... Be7 9. Be3 O-O 10. O-O {White is slightly better.} Be6 11. Qd2 Ne8 $146 ({Predecessor:} 11... Rb8 12. Na3 Qa5 13. f3 Rfc8 14. Nd5 Bxd5 15. Qxa5 Nxa5 16. cxd5 {1-0 (34) Petschar,K (2290)-Peterwagner,H Austria 1989}) 12. Nd5 f5 (12... Bxd5 $142 13. cxd5 (13. exd5 Nd4 $16) 13... Nb8) 13. exf5 $16 Bxf5 14. Nbc3 Kh8 15. Rad1 Bh4 (15... Nf6 $16 16. Nxe7 Qxe7) 16. f4 $18 {Threatens to win with fxe5.} Bf6 $2 (16... Rf7 {was worth a try.} 17. Bd3 Be6) 17. fxe5 {[%mdl 64] Discovered Attack} Bxe5 18. Bg5 Qc8 {[#]} 19. g4 $1 {[%mdl 512]} Bd4+ (19... Bxg4 20. Rxf8#) 20. Be3 Be5 21. gxf5 Rb8 22. Bg4 g6 (22... Nf6 $142 23. Nxf6 gxf6) 23. Nb6 Qd8 24. fxg6 Rg8 25. Kh1 Qh4 26. Be6 Nf6 27. Bg5 Qh5 28. Bxf6+ Bxf6 29. Rxf6 Rgf8 30. Rg1 {[%cal Rg6g7]} hxg6 31. Rgxg6 Rxf6 32. Rxf6 Kg7 33. Qg2+ Kxf6 34. Nbd5+ {Accuracy: White = 92%, Black = 13%.} 1-0

[Event "55th Rubinstein Memorial-A 2019"]
[Site "Polanica-Zdroj"]
[Date "2019.08.17"]
[Round "1.4"]
[White "Simon, Marek"]
[Black "Goluch, Piotr"]
[Result "1/2-1/2"]
[WhiteElo "1879"]
[BlackElo "2418"]
[Annotator "TA"]
[PlyCount "69"]
[EventDate "2019.08.17"]
[EventType "swiss"]
[EventCountry "POL"]
[SourceTitle "playchess.com"]
[Source "ChessBase"]
[SourceQuality "1"]

{[%evp 21,69,70,60,83,66,86,82,65,50,50,61,19,87,65,81,79,41,-10,62,31,29,22,145,137,143,151,261,272,314,297,297,256,587,585,701,704,687,654,721,575,791,777,884,0,658,0,750,0,610,0]} 1. d4 Nf6 2. c4 c5 3. d5 b5 4. cxb5 a6 5. bxa6 g6 6. Nc3 Bxa6 7. e4 Bxf1 8. Kxf1 d6 9. g3 Bg7 10. Kg2 O-O 11. Nf3 Nbd7 12. a4 {A59: Benko/Volga Gambit: White castles by hand} Qb6 (12... Ra6 13. Re1 Qa8 14. Nb5 Rc8 15. Ra3 Ne8 16. Qc2 Nc7 17. Nxc7 Rxc7 18. b4 cxb4 19. Qxc7 bxa3 20. Bxa3 Rxa4 21. Qxd7 {0-1 (37) Vallejo Pons,F (2711)-Tregubov,P (2585) Tallinn 2016}) 13. Qe2 Rfb8 14. Bd2 {White is better.} Ne8 15. Rhb1 Nc7 16. Nd1 Qb3 (16... Qa6 $11 {keeps the balance.} 17. Qxa6 Nxa6) 17. Ra3 $146 ({Predecessor:} 17. a5 Nb5 18. Ne3 Nd4 19. Qc4 Nxf3 20. Qxb3 Nxd2 {1-0 (45) Otawa,Y (2140)-Savanovic,V (2294) Novi Sad 2018}) 17... Qxa3 18. bxa3 Rxb1 19. Bc3 (19. a5 $14) 19... Rb3 (19... Rb7 $11) 20. Bxg7 Kxg7 21. e5 {[#] Hoping for exd6.} dxe5 ({But not} 21... Rxa4 $6 22. exd6 exd6 23. Qe7 $18) ({Not} 21... Nxd5 $2 22. Qc4 $18) (21... Kf8 $11) 22. Nxe5 $16 Nf6 23. Qc4 Rb7 {[#]} (23... Rb6 $16) 24. Nc3 $1 $18 ({Inferior is} 24. Qxc5 Ncxd5 25. a5 Rc7 $14) 24... Na6 25. Ne4 Nxe4 26. Qxe4 {And now d6! would win.} f5 $2 (26... Nb8 {is a better chance.} 27. Qe3 Nd7) 27. Qc4 Rc7 28. Qc3 {Ng4+ is the strong threat.} Kg8 29. Nc6 Kf7 30. Qe5 c4 31. Qe6+ Kf8 32. Qe5 {White threatens Qh8+ and mate.} Kf7 33. Qe6+ Kf8 34. Qe5 {Qh8+ would kill now.} Kf7 35. Qe6+ $2 {Accuracy: White = 61%, Black = 22%.} ({White should play} 35. Qc3 $18) 1/2-1/2

[Event "55th Rubinstein Memorial-A 2019"]
[Site "Polanica-Zdroj"]
[Date "2019.08.17"]
[Round "1.5"]
[White "Mis, Mieszko"]
[Black "Grochol, Kamil"]
[Result "1-0"]
[WhiteElo "2296"]
[BlackElo "1837"]
[Annotator "TA"]
[PlyCount "55"]
[EventDate "2019.08.17"]
[EventType "swiss"]
[EventCountry "POL"]
[SourceTitle "playchess.com"]
[Source "ChessBase"]
[SourceQuality "1"]

{[%evp 17,55,0,0,0,0,-7,0,0,0,-9,-20,-11,0,-6,14,17,47,47,56,56,85,93,99,94,162,156,218,210,216,200,251,231,345,349,500,500,508,503,525,505]} 1. Nf3 d5 2. g3 Nf6 3. Bg2 Bg4 4. O-O e6 5. c4 c6 6. cxd5 Bxf3 7. Bxf3 cxd5 8. d3 Nc6 9. Nc3 Be7 10. Qb3 {A11: English Opening: 1...c6} (10. d4 O-O 11. e3 Rc8 12. Bd2 Nd7 13. Qe2 Nb6 14. Rfd1 Qd7 15. Be1 Rfd8 16. Rac1 a6 17. Bg2 Rc7 18. h4 h6 19. Qc2 {½-½ (19) Cordova,E (2655)-Matlakov,M (2701) Moscow 2017}) 10... Qd7 11. Bg2 O-O 12. Bf4 {The position is equal.} Rac8 13. Rac1 h6 14. Rfe1 $146 ({Predecessor:} 14. Qa4 a6 15. Bh3 {0-1 (47) Ogunshola,B (2133)-Houska,J (2402) Llandudno 2017}) 14... e5 15. Bd2 {[%cal Rc3d5]} Rfd8 16. Qa4 d4 17. Ne4 Nxe4 18. Bxe4 f5 19. Bg2 Bf6 20. Rc5 Qf7 (20... Be7 $16) 21. Rec1 $18 Rd6 {[#]} (21... Rb8 $16 22. Bxc6 bxc6) 22. b4 $1 {[%cal Rb4b5] And now b5 would win.} (22. Bxc6 Rdxc6 23. Rxc6 bxc6 $14) 22... a6 23. Bxc6 bxc6 24. Qxa6 Rdd8 (24... Qe8 $142 25. a4 Re6) 25. a4 {[%cal Ba2a4,Ba4a5][%mdl 32]} ({Not} 25. Rxc6 Ra8 $16) 25... Qa2 (25... Ra8 $142 26. Qxc6 Qa2) 26. Qc4+ {White is clearly winning.} Qxc4 27. R1xc4 ({Weaker is} 27. dxc4 Kf7 $16) 27... Ra8 28. a5 {Accuracy: White = 82%, Black = 30%.} 1-0

[Event "55th Rubinstein Memorial-A 2019"]
[Site "Polanica-Zdroj"]
[Date "2019.08.17"]
[Round "1.6"]
[White "Szydlo, Michal"]
[Black "Kosakowski, Jakub"]
[Result "1/2-1/2"]
[WhiteElo "1865"]
[BlackElo "2401"]
[Annotator "TA"]
[PlyCount "120"]
[EventDate "2019.08.17"]
[EventType "swiss"]
[EventCountry "POL"]
[SourceTitle "playchess.com"]
[Source "ChessBase"]
[SourceQuality "1"]

{[%evp 22,120,41,24,33,31,35,36,37,29,49,50,80,78,68,46,38,44,78,75,109,109,110,98,104,111,114,114,169,164,179,173,162,158,177,171,183,170,177,116,118,100,111,41,53,20,104,93,96,0,0,0,0,0,47,0,0,0,0,0,0,0,32,0,0,0,0,0,0,0,0,0,0,0,0,0,0,0,0,0,0,0,0,0,0,0,0,0,0,0,6,0,0,0,0,0,0,0,0,0,0]} 1. e4 e5 2. Nf3 Nc6 3. Bb5 a6 4. Ba4 Nf6 5. O-O Be7 6. Re1 b5 7. Bb3 d6 8. c3 O-O 9. h3 a5 10. a4 b4 11. d4 bxc3 12. bxc3 exd4 {C92: Closed Ruy Lopez: 9...Be6, Karpov and Flohr-Zaitsev Variations} 13. Nxd4 Nxd4 14. cxd4 d5 {White is slightly better.} 15. exd5 {[#]} Bb4 $146 ({Predecessor:} 15... Bb7 16. Nc3 Bb4 17. Bd2 Nxd5 18. Nxd5 Bxd5 19. Bxb4 axb4 20. Rc1 Bxb3 {½-½ (20) Arjun,K (2406)-Nasuta,G (2530) Lorca 2018}) 16. Re5 h6 17. Qf3 Rb8 18. Bc2 Bd6 19. Nc3 Rb4 {[#]} 20. Qd3 $1 c5 21. dxc6 $40 {[%mdl 128] Nd5 is the strong threat. White goes for the king.} Bxe5 22. dxe5 Qxd3 23. Bxd3 Rd8 24. Bb5 Ne4 (24... Nd5 $16 {was called for.}) 25. Nxe4 $18 Rd1+ 26. Kh2 Rxe4 27. Bb2 Rxa1 28. Bxa1 $16 {[%mdl 4096] Endgame KRB-KB} g5 29. Bc3 h5 30. f3 (30. Kg3 $18) 30... Re3 31. Bxa5 Rxe5 32. Bd8 (32. Bb4 $16) 32... Kg7 33. Kg3 f6 {[#]} (33... h4+ $11 34. Kf2 Rd5) 34. Kf2 $1 Kf7 35. c7 ({Better is} 35. Bc4+ $16 Be6 36. c7) 35... h4 $11 36. Bc4+ Kg6 37. Bd3+ f5 38. Be2 (38. f4 $5 gxf4 39. Bxh4 $16) 38... Rc5 39. Bb5 Rc2+ 40. Kg1 Kh6 41. Kf1 Be6 42. Kg1 Bc8 {The position is equal.} 43. Kf1 f4 44. Be8 Ba6+ 45. Bb5 Bc8 46. Be8 Rc5 47. Kf2 Kg7 48. Bh5 Ba6 {( -> ...Rc1)} 49. Kg1 Kh6 50. Bg4 Kg6 51. Kh2 Bb7 52. Be6 Rc2 53. Bg4 Ba6 54. Kg1 Rc5 55. Kh2 Rc4 56. a5 Rc5 57. Be6 Bb7 58. Bg4 Kf7 59. Bd7 Ba6 60. Bg4 Kg6 {Accuracy: White = 63%, Black = 62%.} 1/2-1/2

[Event "55th Rubinstein Memorial-A 2019"]
[Site "Polanica-Zdroj"]
[Date "2019.08.17"]
[Round "1.7"]
[White "Oglaza, Oskar"]
[Black "Dzieczkaniec, Piotr"]
[Result "1-0"]
[WhiteElo "2367"]
[BlackElo "1862"]
[Annotator "TA"]
[PlyCount "49"]
[EventDate "2019.08.17"]
[EventType "swiss"]
[EventCountry "POL"]
[SourceTitle "playchess.com"]
[Source "ChessBase"]
[SourceQuality "1"]

{[%evp 19,60,26,42,18,58,50,61,63,66,47,58,65,64,52,86,75,116,27,82,81,100,97,111,108,104,110,117,114,417,431,454,334,29994,29995,29995,29996,29996,29997,29997,29998,29998,29999,29999]} 1. Nf3 d5 2. d4 Nf6 3. c4 e6 4. Nc3 Be7 5. cxd5 exd5 6. Bf4 O-O 7. e3 c5 8. dxc5 Bxc5 9. Be2 Nc6 10. O-O Be6 11. a3 {D37: Queen's Gambit Declined: 5 Bf4} (11. Rc1 Rc8 12. Ne5 Bd6 13. Nxc6 bxc6 14. Qa4 c5 15. Bg3 Qb6 16. b3 Bxg3 17. hxg3 a5 18. Qb5 Qxb5 19. Bxb5 Rb8 {0-1 (72) Khismatullin,D (2660)-Zvjaginsev,V (2680) Magnitogorsk 2011}) 11... Nh5 12. Bg5 Be7 $146 ({Predecessor:} 12... f6 13. Bh4 g5 14. Nd2 d4 15. Nb3 Bb6 16. exd4 Nf4 17. Bg3 Nxe2+ 18. Nxe2 Re8 19. Rc1 Bf7 20. Nc5 Bxc5 21. Rxc5 Qe7 22. Re1 Rad8 23. Rc1 Nxd4 {½-½ (23) Koltzsch,K-Rattay,W (1735) ICCF email 2009}) 13. Bxe7 {White is slightly better.} Nxe7 14. Nd4 Nf6 15. Rc1 Rc8 16. Qb3 Rb8 17. Rfd1 $36 {[%mdl 2048] Keeping Black busy.} Nc6 18. Na4 (18. Nxe6 $16 fxe6 {[#]} 19. e4 $1 {[%mdl 512]}) 18... Nxd4 (18... Ne4 $11 {remains equal.}) 19. Rxd4 $16 Qd6 20. Nc3 {[%cal Ba4c3,Bc3d5,Bd5f6][%mdl 32]} Rfd8 21. Rcd1 Rd7 22. e4 Qe5 {[%cal Rd5e4]} 23. exd5 Nxd5 $2 {[%mdl 8192]} (23... Rbd8 $16 {is more resistant.}) 24. Nxd5 $18 ({Weaker is} 24. Rxd5 Bxd5 25. Rxd5 Rxd5 $16) 24... Qxe2 25. Nf6+ {Played: Qb3-g3} 1-0

[Event "55th Rubinstein Memorial-A 2019"]
[Site "Polanica-Zdroj"]
[Date "2019.08.17"]
[Round "1.8"]
[White "Kacprzak, Kacper"]
[Black "Grabarczyk, Miroslaw"]
[Result "0-1"]
[WhiteElo "1856"]
[BlackElo "2362"]
[Annotator "TA"]
[PlyCount "70"]
[EventDate "2019.08.17"]
[EventType "swiss"]
[EventCountry "POL"]
[SourceTitle "playchess.com"]
[Source "ChessBase"]
[SourceQuality "1"]

{[%evp 23,106,48,42,0,0,-6,0,-9,-9,-14,-12,-11,-9,-16,0,0,0,-7,0,-27,0,0,0,0,0,0,0,0,0,-25,0,-101,-108,-98,-97,-137,-111,-104,-97,-100,-102,-133,-138,-126,-111,-110,-110,-110,-105,-112,-102,-183,-193,-165,-120,-187,-196,-203,-187,-202,-203,-195,-190,-232,-187,-299,-275,-299,-308,-457,-449,-456,-452,-468,-461,-661,-597,-659,-597,-612,-597,-555,-553,-666,-535]} 1. e4 e5 2. Nf3 Nc6 3. Bb5 a6 4. Ba4 Nf6 5. O-O Be7 6. Re1 b5 7. Bb3 d6 8. c3 O-O 9. h3 Na5 10. Bc2 c5 11. d4 cxd4 12. cxd4 Qc7 13. d5 {C96: Closed Ruy Lopez: Chigorin Defence: 11 d4, replies other than 11...Qc7} Bd7 14. Bd3 Rfc8 15. Nbd2 {The position is equal.} Nb7 {[%cal Ba5b7,Bb7c5,Bc5a4][%mdl 32]} 16. Nf1 Nc5 17. Bc2 Na4 $146 ({Predecessor:} 17... a5 18. Ng3 Na6 19. Bb1 Nb4 20. Nh4 g6 21. Bh6 Ne8 22. Nhf5 gxf5 23. exf5 Nf6 24. Nh5 Nc2 25. Qf3 Nxh5 26. Qxh5 Bf6 27. Re4 {1-0 (27) Velimirovic,D (2535)-Mozetic,D (2440) Ulcinj 1998}) 18. Bb3 Qd8 19. Ng3 g6 20. Rb1 h5 21. Bg5 Nh7 22. Bd2 Nc5 23. Bc2 a5 24. a3 Qb6 25. b4 axb4 26. Bxb4 Ng5 27. Nd2 (27. Re3 $11 {remains equal.}) 27... Na6 $17 28. Re3 Nxb4 29. Rxb4 Qc5 30. Bb1 Qc1 31. Qxc1 Rxc1+ 32. Ngf1 {[#]} Bd8 $1 $36 {[%mdl 2048] Black is on the roll.} 33. Rb2 Bb6 34. Rg3 Nh7 35. Rgb3 Nf6 {Played: Bb6-c5} 0-1

[Event "55th Rubinstein Memorial-A 2019"]
[Site "Polanica-Zdroj"]
[Date "2019.08.17"]
[Round "1.9"]
[White "Lewtak, Damian"]
[Black "Witwicki, Pawel"]
[Result "1-0"]
[WhiteElo "2354"]
[BlackElo "1845"]
[Annotator "TA"]
[PlyCount "45"]
[EventDate "2019.08.17"]
[EventType "swiss"]
[EventCountry "POL"]
[SourceTitle "playchess.com"]
[Source "ChessBase"]
[SourceQuality "1"]

{[%evp 11,45,4,5,-12,8,1,30,6,8,6,17,16,23,29,32,-16,-11,-14,10,-2,-6,-3,44,44,60,60,62,55,240,170,279,51,56,50,460,454]} 1. d4 d6 2. c4 e5 3. Nf3 e4 4. Nfd2 f5 5. e3 Nf6 6. Nc3 c6 7. d5 {A21: English Opening: 1...e5 2 Nc3} (7. Be2 Na6 8. Qa4 Nc7 9. b4 a6 10. Qb3 d5 11. a4 Be6 12. Bb2 Be7 13. O-O O-O 14. b5 Kh8 15. Rfb1 dxc4 16. Bxc4 {0-1 (24) Laznicka,V (2675)-Rapport,R (2713) Novy Bor 2014}) 7... c5 8. f3 Qe7 $146 ({Predecessor:} 8... exf3 9. Nxf3 Be7 10. Bd3 O-O 11. O-O Ng4 12. Qc2 g6 13. e4 f4 14. e5 Nxe5 15. Nxe5 dxe5 16. Bxg6 {½-½ (32) Semenenko,S (2173)-Mishin,A (2285) Kostroma 2008}) 9. Qc2 {[%cal Rf3e4] White has an edge.} exf3 10. Nxf3 g6 11. Bd3 Bg7 12. O-O O-O 13. Bd2 Nbd7 14. e4 Nxe4 15. Nxe4 fxe4 16. Bxe4 Nf6 17. Bd3 Bg4 18. Rae1 Qc7 19. Ng5 {And now h3 would win.} Rae8 $2 (19... Nh5 $14) 20. h3 $36 {[%mdl 2048] White has strong initiative.} Bc8 (20... Rxe1 $142 21. Rxe1 Bc8) 21. Bc3 $2 (21. Rxe8 $18 Nxe8 22. Rxf8+ Bxf8 23. Bxg6 $1 {[%mdl 512]} hxg6 24. Qxg6+ {[%mdl 64] Double Attack} Qg7 25. Qxe8) 21... Rxe1 $14 22. Rxe1 {Threatens to win with Bxg6!} Nh5 $2 {[%mdl 8192] [#]} (22... Ne8 $14) 23. Bxg6 $1 {[%mdl 512] Accuracy: White = 51%, Black = 11%.} 1-0

[Event "55th Rubinstein Memorial-A 2019"]
[Site "Polanica-Zdroj"]
[Date "2019.08.17"]
[Round "1.10"]
[White "Oleksy, Krzysztof"]
[Black "Kozak, Antoni"]
[Result "0-1"]
[WhiteElo "1840"]
[BlackElo "2354"]
[Annotator "TA"]
[PlyCount "90"]
[EventDate "2019.08.17"]
[EventType "swiss"]
[EventCountry "POL"]
[SourceTitle "playchess.com"]
[Source "ChessBase"]
[SourceQuality "1"]

{[%evp 9,90,-11,14,22,25,15,24,25,17,9,41,10,48,47,52,39,44,44,52,0,10,6,14,0,6,5,5,6,0,0,14,18,22,0,0,0,0,0,0,2,27,46,106,104,102,107,169,168,143,22,127,39,30,-25,0,-170,-155,-160,-103,-164,-153,-120,-14,-128,0,0,0,0,0,-959,-879,-762,-605,-1356,-1313,-1323,-1178,-5306,-4431,-2271,-2268,-1501,-1373]} 1. e4 c6 2. d4 d5 3. exd5 cxd5 4. Nf3 Nc6 5. Ne5 (5. Bb5 e6 6. O-O Bd6 7. c4 Nge7 8. Nc3 O-O 9. c5 Bc7 10. a3 e5 11. Bxc6 Nxc6 12. dxe5 d4 13. Nb5 {½-½ (60) Karjakin,S (2753)-Mamedyarov,S (2817) St Petersburg 2018}) 5... Nxe5 (5... e6 {looks sharper.} 6. c3 Bd6 7. f4 Nh6 8. Bd3 O-O) 6. dxe5 {Strongly threatening Bb5+. B13: Caro-Kann: Exchange Variation and Panov-Botvinnik Attack} e6 7. Nd2 Ne7 8. Nf3 {White has an edge.} Nc6 9. Bd3 Be7 10. O-O Bd7 11. c3 h6 $146 ({Predecessor:} 11... Qc7 12. Re1 h6 {½-½ (53) Compton,A (2094)-Odeh,K (2014) Caleta 2016}) 12. Qe2 Qc7 13. Re1 a6 14. Nd4 Nxd4 15. cxd4 Qb6 16. Be3 Bb5 17. Rec1 O-O 18. Rc2 Rfc8 19. Rac1 Rc6 20. Rxc6 bxc6 21. b3 a5 22. Bxb5 cxb5 23. Qg4 Kf8 24. f4 g6 25. Qh3 Qb7 (25... Kg8 $14) 26. Qxh6+ $16 Kg8 27. h4 {And now h5 would win.} Rc8 (27... Ba3 $16 {keeps fighting.}) 28. Rf1 $1 $18 Rc3 29. Rf3 (29. h5 $1 $16 {[%cal Rh5g6]} Bf8 30. Qg5) 29... Qb6 {[#]} (29... Qc8 $1 $11) 30. Kh2 (30. f5 $1 $16 {[%cal Rf5g6][%mdl 512]} exf5 31. h5) 30... Qd8 $1 $14 31. Kh3 (31. f5 $142 exf5 32. h5) 31... a4 (31... Bf8 $5 32. Qg5 $8 Qxg5 33. fxg5 Rd3 $11) 32. h5 $2 (32. bxa4 $11 {and White has nothing to worry.} Bf8 33. Qg5 Qxg5 34. fxg5 bxa4 35. Bf4) 32... Bf8 $19 33. Qg5 Qxg5 34. fxg5 axb3 35. axb3 gxh5 (35... Rxb3 $17 36. hxg6 fxg6) 36. Bd2 (36. Kh4 $1 $11 {was the only way to keep the balance.}) 36... Rxf3+ (36... Rc2 $17 37. Bf4 Kg7) 37. gxf3 $17 {[%mdl 4096] Endgame KB-KB} Kg7 {...Ba3 is the strong threat.} 38. Kh4 Kg6 {Hoping for ...Ba3.} 39. Kg3 $2 {[%mdl 8192]} (39. b4 $11) 39... Ba3 {Black is clearly winning.} 40. Be3 Bb2 41. f4 Bc3 42. Kf3 Kf5 43. Bf2 Bd2 44. Bg3 Bc1 45. Bh2 h4 {Accuracy: White = 42%, Black = 51%.} 0-1